| 000 | 00000nas##2200000za#4500 |
| 001 | 9.511564 |
| 003 | CaOODSP |
| 005 | 20200325123403 |
| 007 | ta |
| 008 | 150406c2008||||xxc|| m #||||f| |0eng|d |
| 022 | |a0706-6465 |
| 040 | |aCaOODSP|beng |
| 041 | |aeng |
| 041 | |afre |
| 043 | |an-cn--- |
| 086 | 1 |aFs97-13 |
| 110 | 1 |aCanada. |bDepartment of Fisheries and Oceans. |
| 245 | 10|aCanadian data report of fisheries and aquatic sciences |
| 260 | |aOttawa - Ontario : |bFisheries and Oceans Canada |
| 310 | |aIrregular |
| 500 | |a"Data reports are produced regionally but are numbered nationally. Requests for individual reports will be filled by the issuing establishment listed on the front cover and title page."--Verso of cover. |
| 563 | |aSoftcover |
| 690 | 07|aFisheries|2gcpds |
| 775 | 08|tRapport statistique technique canadien des sciences halieutiques et aquatiques |w(CaOODSP)9.513645 |
| 776 | 0#|tRapport statistique canadien des sciences halieutiques et aquatiques |w(CaOODSP)9.500268 |
| 792 | |tRapport statistique canadien des sciences halieutiques et aquatiques |efre|w(CaOODSP)9.511565 |